Worst Currencies In The World - Statistics

General Stats
  • This quiz has been taken 32 times
  • The average score is 10 of 20
Answer Stats
Exchange rate (1$=) Country % Correct
248400 Venezuela
83%
42300 Iran
80%
2500 Syria
70%
4000 Cambodia
63%
11600 Laos
63%
22000 Vietnam
57%
1500 Lebanon
50%
4000 Madagascar
47%
8900 Guinea
43%
14300 Indonesia
43%
2000 Republic of Congo
43%
3600 Uganda
43%
2000 Burundi
40%
3700 Colombia
40%
2300 Tanzania
40%
11700 Sierra Leone
37%
11500 Uzbekistan
37%
6900 Paraguay
33%
2800 Mongolia
30%
21400 Sao Tome and Principe
27%
No matching quizzes found
Score Distribution
Percent of People with Each Score
Percentile by Number Answered
Your Score History
You have not taken this quiz